DC Talk - Jesus Freak Lyrics - Statistics

General Stats
  • This quiz has been taken 5 times
  • The average score is 472 of 497
Answer Stats
Lyric % Correct
a
100%
all
100%
And
100%
and
100%
Been
100%
been
100%
by
100%
care
100%
clean
100%
cut
100%
disguising
100%
do
100%
do)
100%
does
100%
don't
100%
find
100%
for
100%
freak
100%
friend
100%
From
100%
from
100%
had
100%
he
100%
He
100%
hear
100%
I
100%
if
100%
I'm
100%
in
100%
into
100%
is
100%
it
100%
It
100%
it's
100%
I've
100%
Jesus
100%
Kamikaze
100%
left
100%
like
100%
live
100%
me
100%
my
100%
myself
100%
no
100%
of
100%
on
100%
people
100%
People
100%
really
100%
said
100%
say
100%
say)
100%
see
100%
strange
100%
stranger
100%
that
100%
That
100%
the
100%
The
100%
There
100%
there
100%
they
100%
They
100%
think
100%
think)
100%
this
100%
to
100%
too
100%
took
100%
true
100%
truth
100%
up
100%
was
100%
wasn't
100%
what
100%
What
100%
(What
100%
when
100%
will
100%
with
100%
With
100%
won't
100%
ain't
80%
also
80%
apprehended
80%
around
80%
as
80%
assume
80%
ate
80%
back
80%
bed
80%
belly
80%
best
80%
big
80%
born
80%
box
80%
can
80%
catch
80%
cause
80%
'Cause
80%
city
80%
darkest
80%
death
80%
desert
80%
die
80%
display
80%
divorced
80%
dream
80%
dreams
80%
face
80%
fat
80%
force
80%
gain
80%
green
80%
hair
80%
head
80%
heard
80%
hiding
80%
high
80%
him
80%
his
80%
jelly
80%
king
80%
label
80%
locusts
80%
lofty
80%
made
80%
make
80%
Maker
80%
man
80%
manger
80%
marked
80%
marmalade
80%
match
80%
middle
80%
much
80%
naps
80%
past
80%
peculiar
80%
Pharisees
80%
power
80%
raved
80%
replaced
80%
rhythm
80%
room
80%
sand
80%
saves
80%
saw
80%
seek
80%
Separated
80%
skins
80%
speak
80%
spiritual
80%
spoke
80%
stood
80%
tat
80%
tattoo
80%
Though
80%
thought
80%
tripped
80%
typical
80%
until
80%
upper
80%
walked
80%
weak
80%
while
80%
wiggled
80%
words
80%
You
80%
claimed
60%
else
60%
grace
60%
thing
40%
shows
20%
No matching quizzes found
Score Distribution
Percent of People with Each Score
Percentile by Number Answered
Your Score History
You have not taken this quiz